000366777 001__ 366777
000366777 005__ 20260413234452.0
000366777 0247_ $$2doi$$a10.1364/ASSL.2025.ATh2A.5
000366777 037__ $$aGSI-2026-00566
000366777 1001_ $$0P:(DE-HGF)0$$aBahri, M.$$b0$$eCorresponding author
000366777 1112_ $$aAdvanced Solid State Lasers$$cPrague$$d2025-10-19 - 2025-10-23$$wCzech Republic
000366777 245__ $$aEfficiency enhancement of frequency doubling via spatio-temporal beam shaping in multi-core fiber lasers
000366777 260__ $$bOptica Publishing Group Washington, D.C.$$c2025
000366777 29510 $$aOptica Laser Congress Congress 2025 : [Proceedings] - Optica Publishing Group Washington, D.C., 2025. - ISBN 978-1-957171-53-1 - doi:10.1364/ASSL.2025.ATh2A.5
000366777 3367_ $$2ORCID$$aCONFERENCE_PAPER
000366777 3367_ $$033$$2EndNote$$aConference Paper
000366777 3367_ $$2BibTeX$$aINPROCEEDINGS
000366777 3367_ $$2DRIVER$$aconferenceObject
000366777 3367_ $$2DataCite$$aOutput Types/Conference Paper
000366777 3367_ $$0PUB:(DE-HGF)8$$2PUB:(DE-HGF)$$aContribution to a conference proceedings$$bcontrib$$mcontrib$$s1776063233_1358465
000366777 3367_ $$0PUB:(DE-HGF)7$$2PUB:(DE-HGF)$$aContribution to a book$$mcontb
000366777 536__ $$0G:(DE-HGF)POF4-631$$a631 - Matter – Dynamics, Mechanisms and Control (POF4-631)$$cPOF4-631$$fPOF IV$$x0
000366777 588__ $$aDataset connected to CrossRef Conference
000366777 693__ $$0EXP:(DE-Ds200)External_experiment-20200803$$1EXP:(DE-Ds200)other-20200803$$5EXP:(DE-Ds200)External_experiment-20200803$$aother$$eExternal experiment at external facility/ no experiment at GSI (other)$$x0
000366777 7001_ $$0P:(DE-HGF)0$$aSun, Y.$$b1
000366777 7001_ $$0P:(DE-Ds200)OR7874$$aKlenke, Arno$$b2$$ugsi
000366777 7001_ $$0P:(DE-HGF)0$$aJauregui, C.$$b3
000366777 7001_ $$0P:(DE-HGF)0$$aLimpert, J.$$b4
000366777 773__ $$a10.1364/ASSL.2025.ATh2A.5
000366777 909CO $$ooai:repository.gsi.de:366777$$pVDB
000366777 9101_ $$0I:(DE-Ds200)20121206GSI$$6P:(DE-Ds200)OR7874$$aGSI Helmholtzzentrum für Schwerionenforschung GmbH$$b2$$kGSI
000366777 9101_ $$0I:(DE-Ds200)Ext-HIJ$$6P:(DE-HGF)0$$aExternal Helmholtz Institute: HIJ$$b4$$kHIJ
000366777 9131_ $$0G:(DE-HGF)POF4-631$$1G:(DE-HGF)POF4-630$$2G:(DE-HGF)POF4-600$$3G:(DE-HGF)POF4$$4G:(DE-HGF)POF$$aDE-HGF$$bForschungsbereich Materie$$lVon Materie zu Materialien und Leben$$vMatter – Dynamics, Mechanisms and Control$$x0
000366777 9201_ $$0I:(DE-Ds200)JHL-20220701OR461$$kJHL$$lHIJ / HL$$x0
000366777 980__ $$acontrib
000366777 980__ $$aVDB
000366777 980__ $$acontb
000366777 980__ $$aI:(DE-Ds200)JHL-20220701OR461
000366777 980__ $$aUNRESTRICTED